[Event "Scarborough Open 47th"]
[Site "Scarborough"]
[Date "2024.10.27"]
[Round "4.2"]
[White "Mason, Donald J"]
[Black "Davies, Nigel Rodney"]
[Result "1-0"]
[WhiteElo "1993"]
[BlackElo "2307"]
[PlyCount "89"]
[EventDate "2024.10.25"]
[EventType "swiss"]
[EventRounds "5"]
[EventCountry "ENG"]
[SourceTitle "BritBase"]
[Source "John Saunders"]
[SourceDate "2024.12.27"]
[SourceVersion "1"]
[SourceVersionDate "2024.12.27"]
[SourceQuality "1"]

1. e4 g6 2. d4 Bg7 3. Nc3 d6 4. Be3 a6 5. h4 h5 6. Qd2 b5 7. O-O-O Nf6 8. f3 Nc6 9. Nce2 Rb8 10. Nh3 Bxh3 11. Rxh3 Nd7 12. f4 Nb6 13. b3 d5 14. e5 e6 15. f5 exf5 16. Bg5 Qd7 17. Nf4 Nd8 18. Bxd8 Kxd8 19. Re1 Bh6 20. Rf3 Nc8 21. Kb1 Rb6 22. g3 Ne7 23. Qe2 Bxf4 24. gxf4 Ke8 25. Re3 Qe6 26. Ka1 Kf8 27. Rc3 Rc6 28. Rxc6 Nxc6 29. c4 bxc4 30. bxc4 Nxd4 31. Qb2 c5 32. cxd5 Qxd5 33. e6 fxe6 34. Re5 Qd6 35. Bc4 Rh7 36. Qg2 Kg7 37. Qa8 Kh6 38. Qc8 Nb5 39. Bxb5 axb5 40. Rxe6 Qd4+ 41. Kb1 Rd7 42. Qf8+ Qg7 43. Qxc5 Rd2 44. Re5 Rh2 45. Qg1 1-0

[Event "Scarborough Open 47th"]
[Site "Scarborough"]
[Date "2024.10.27"]
[Round "4.3"]
[White "Szekely, Virgil"]
[Black "Birtwistle, Nigel"]
[Result "0-1"]
[WhiteElo "2012"]
[BlackElo "2016"]
[PlyCount "80"]
[EventDate "2024.10.25"]
[EventType "swiss"]
[EventRounds "5"]
[EventCountry "ENG"]
[SourceTitle "BritBase"]
[Source "John Saunders"]
[SourceDate "2024.12.27"]
[SourceVersion "1"]
[SourceVersionDate "2024.12.27"]
[SourceQuality "1"]

1. b3 c5 2. Bb2 Nc6 3. e3 e5 4. Bb5 Nge7 5. Ne2 d6 6. d4 Bd7 7. d5 Nb8 8. a4 g6 9. O-O Bg7 10. e4 O-O 11. Bd3 f5 12. f3 f4 13. Bb5 Bc8 14. a5 a6 15. Bc4 Nd7 16. Kf2 Nf6 17. Bxe5 Nxe4+ 18. fxe4 Bxe5 19. Ra2 Bg4 20. Nd2 Bd4+ 21. Nxd4 Bxd1 22. Ne6 Qc8 23. Rxd1 Rf7 24. Nf3 h6 25. c3 g5 26. e5 Nf5 27. exd6 Ne3 28. Re1 Rf5 29. Rd2 Qd7 30. Nxc5 Qxd6 31. Ne4 Qd8 32. d6+ Kh8 33. Be6 Rxa5 34. b4 Ra3 35. Ne5 Qb6 36. Kf3 a5 37. bxa5 R3xa5 38. Nf7+ Kg7 39. d7 Qxe6 40. Rxe3 fxe3 0-1

[Event "Scarborough Open 47th"]
[Site "Scarborough"]
[Date "2024.10.27"]
[Round "4.4"]
[White "Luk, Danbe"]
[Black "Vaidyanathan, Adithya"]
[Result "0-1"]
[WhiteElo "1869"]
[BlackElo "1932"]
[PlyCount "82"]
[EventDate "2024.10.25"]
[EventType "swiss"]
[EventRounds "5"]
[EventCountry "ENG"]
[SourceTitle "BritBase"]
[Source "John Saunders"]
[SourceDate "2024.12.27"]
[SourceVersion "1"]
[SourceVersionDate "2024.12.27"]
[SourceQuality "1"]

1. d4 Nf6 2. c4 c5 3. d5 b5 4. cxb5 a6 5. e3 e6 6. dxe6 fxe6 7. Nc3 d5 8. Nf3 Be7 9. a4 O-O 10. Be2 axb5 11. Bxb5 Na6 12. O-O Bd7 13. b3 Bxb5 14. Nxb5 Qb6 15. Bb2 Nc7 16. Nxc7 Qxc7 17. Qc2 Ne4 18. b4 c4 19. Be5 Bd6 20. Bxd6 Qxd6 21. b5 g5 22. Nd2 Nc5 23. f3 Qe5 24. Kh1 Qxe3 25. a5 Nd3 26. h3 Nf2+ 27. Kh2 Qe5+ 28. Kg1 Nxh3+ 29. Kh1 Nf2+ 30. Kg1 Qd4 31. g3 Ne4+ 32. Kg2 Qxd2+ 33. Qxd2 Nxd2 34. Rf2 Nb3 35. Re1 Rxa5 36. b6 Rf6 37. Re5 Rb5 38. Rxg5+ Rg6 39. Re5 Rxb6 40. f4 Nd4 41. f5 Nxf5 0-1

[Event "Scarborough Open 47th"]
[Site "Scarborough"]
[Date "2024.10.27"]
[Round "4.5"]
[White "Lemeshev, Ilya"]
[Black "Peart, Alan"]
[Result "0-1"]
[WhiteElo "2156"]
[BlackElo "1942"]
[PlyCount "61"]
[EventDate "2024.10.25"]
[EventType "swiss"]
[EventRounds "5"]
[EventCountry "ENG"]
[SourceTitle "BritBase"]
[Source "John Saunders"]
[SourceDate "2024.12.27"]
[SourceVersion "1"]
[SourceVersionDate "2024.12.27"]
[SourceQuality "1"]

1. d4 Nf6 2. Bf4 c5 3. d5 d6 4. Nc3 e5 5. dxe6 Bxe6 6. e4 Nc6 7. Nf3 Be7 8. Bb5 O-O 9. Bxc6 bxc6 10. O-O Rb8 11. b3 Nh5 12. Be3 f5 13. Ne5 dxe5 14. Qxh5 g6 15. Qh3 Qc8 16. f4 Rb4 17. Qg3 exf4 18. Bxf4 Rd4 19. Be5 Rfd8 20. h4 Bd6 21. Bxd6 R8xd6 22. h5 Kg7 23. hxg6 hxg6 24. Qe5+ Kg8 25. Rae1 Qd7 26. Qxc5 Rd2 27. exf5 gxf5 28. Re3 Qg7 29. Ne2 Bd5 30. g3 Rxe2 31. Qxd6 0-1

[Event "Scarborough Open 47th"]
[Site "Scarborough"]
[Date "2024.10.27"]
[Round "4.6"]
[White "Potter, John M"]
[Black "Rughani, Mahin"]
[Result "1-0"]
[WhiteElo "2027"]
[BlackElo "1921"]
[PlyCount "117"]
[EventDate "2024.10.25"]
[EventType "swiss"]
[EventRounds "5"]
[EventCountry "ENG"]
[SourceTitle "BritBase"]
[Source "John Saunders"]
[SourceDate "2024.12.27"]
[SourceVersion "1"]
[SourceVersionDate "2024.12.27"]
[SourceQuality "1"]

1. d4 c6 2. e4 d5 3. exd5 cxd5 4. Bd3 Nc6 5. c3 Nf6 6. h3 g6 7. Nf3 Bg7 8. O-O Qc7 9. Re1 O-O 10. Bg5 Bf5 11. Ne5 Nxe5 12. Rxe5 Bxd3 13. Qxd3 e6 14. Bxf6 Bxf6 15. Re2 Rfc8 16. Nd2 b5 17. Nb3 Qc4 18. Qf3 Be7 19. Nd2 Qc7 20. a3 a5 21. g3 b4 22. cxb4 axb4 23. a4 Qc6 24. Qb3 Bf6 25. Nf3 Qc4 26. Qxc4 Rxc4 27. b3 Bxd4 28. Rd1 Bxf2+ 29. Kxf2 Rc3 30. Re3 Rac8 31. Rxc3 bxc3 32. Rc1 f6 33. Ke2 e5 34. Ke3 Kf7 35. Ne1 d4+ 36. Kd3 Ke6 37. Nc2 Rb8 38. Nxd4+ exd4 39. Kxd4 Rxb3 40. Kc4 Rb2 41. Rxc3 Rh2 42. a5 Ra2 43. Kb5 Rb2+ 44. Kc6 Ra2 45. Re3+ Kf7 46. Kb6 Rb2+ 47. Ka7 Ra2 48. a6 f5 49. Rb3 Re2 50. Kb6 Re6+ 51. Ka5 Re8 52. a7 Kf6 53. Rb8 Re3 54. a8=Q Ra3+ 55. Kb4 Rxa8 56. Rxa8 h5 57. Kc3 Kg5 58. Kd2 h4 59. gxh4+ 1-0

[Event "Scarborough Open 47th"]
[Site "Scarborough"]
[Date "2024.10.27"]
[Round "4.7"]
[White "Mclean, Robert"]
[Black "Cheng, Louis"]
[Result "1-0"]
[WhiteElo "2013"]
[BlackElo "2047"]
[PlyCount "83"]
[EventDate "2024.10.25"]
[EventType "swiss"]
[EventRounds "5"]
[EventCountry "ENG"]
[SourceTitle "BritBase"]
[Source "John Saunders"]
[SourceDate "2024.12.27"]
[SourceVersion "1"]
[SourceVersionDate "2024.12.27"]
[SourceQuality "1"]

1. e4 c5 2. Nf3 g6 3. d4 cxd4 4. Nxd4 Nc6 5. Nc3 Bg7 6. Be3 Nf6 7. Bc4 O-O 8. Bb3 d6 9. f3 Bd7 10. h4 h5 11. Qd2 Nxd4 12. Bxd4 b5 13. g4 e5 14. Be3 hxg4 15. O-O-O Nh5 16. Qxd6 Be6 17. Bxe6 Qxd6 18. Rxd6 fxe6 19. fxg4 Nf6 20. Nxb5 Nxg4 21. Bg5 Rab8 22. Nc3 Rb6 23. Rxb6 axb6 24. Rg1 Nh2 25. Be3 Kh7 26. Bxb6 Bh6+ 27. Kb1 Nf3 28. Rh1 Nxh4 29. a4 g5 30. a5 Nf3 31. Be3 Ra8 32. b4 Kg6 33. Ne2 Bf8 34. c3 g4 35. Kc2 Ng5 36. Bxg5 Kxg5 37. Rh8 Rb8 38. a6 Kf6 39. b5 Ra8 40. b6 Rxa6 41. Rxf8+ Ke7 42. b7 1-0

[Event "Scarborough Open 47th"]
[Site "Scarborough"]
[Date "2024.10.27"]
[Round "4.8"]
[White "Bharat Kumar, Balahari"]
[Black "Leung, Hao Ran"]
[Result "1/2-1/2"]
[WhiteElo "2083"]
[BlackElo "2043"]
[PlyCount "65"]
[EventDate "2024.10.25"]
[EventType "swiss"]
[EventRounds "5"]
[EventCountry "ENG"]
[SourceTitle "BritBase"]
[Source "John Saunders"]
[SourceDate "2024.12.27"]
[SourceVersion "1"]
[SourceVersionDate "2024.12.27"]
[SourceQuality "1"]

1. b3 e5 2. Bb2 Nc6 3. e3 d5 4. g3 Be6 5. Bg2 Qd7 6. h3 O-O-O 7. Ne2 Bd6 8. d3 f5 9. a3 Nf6 10. Nbc3 f4 11. gxf4 exf4 12. Nb5 fxe3 13. Nxd6+ Qxd6 14. fxe3 Nh5 15. Qd2 Rhf8 16. Nf4 Nxf4 17. exf4 Qxf4 18. O-O-O Qg3 19. Rdg1 Rf2 20. Qe1 Qg5+ 21. Kb1 Qd2 22. Qxd2 Rxd2 23. Bxg7 Ne7 24. Bh6 Rf2 25. Be3 Rf7 26. h4 Rg8 27. Bf1 Rfg7 28. Rxg7 Rxg7 29. Rg1 Rxg1 30. Bxg1 Bg4 31. Bg2 Kd7 32. c4 Bf5 33. Kc2 1/2-1/2

[Event "Scarborough Open 47th"]
[Site "Scarborough"]
[Date "2024.10.27"]
[Round "4.9"]
[White "Cowan, Richard M"]
[Black "Hamer, Martyn"]
[Result "0-1"]
[WhiteElo "1884"]
[BlackElo "2055"]
[PlyCount "110"]
[EventDate "2024.10.25"]
[EventType "swiss"]
[EventRounds "5"]
[EventCountry "ENG"]
[SourceTitle "BritBase"]
[Source "John Saunders"]
[SourceDate "2024.12.27"]
[SourceVersion "1"]
[SourceVersionDate "2024.12.27"]
[SourceQuality "1"]

1. d4 d5 2. e3 Nf6 3. b3 Bf5 4. Bb2 e6 5. Nd2 Bd6 6. Ne2 Nbd7 7. Ng3 Bg6 8. Be2 c6 9. f4 c5 10. c3 O-O 11. O-O Rc8 12. Kh1 Re8 13. Rc1 Qa5 14. a4 cxd4 15. exd4 a6 16. b4 Qc7 17. f5 exf5 18. Nxf5 Bxh2 19. b5 Bf4 20. Bd3 Ne4 21. Bxe4 dxe4 22. Nh4 e3 23. Rxf4 Qxf4 24. Ndf3 Nf6 25. c4 Ne4 26. Kg1 Ng3 27. d5 e2 28. Qe1 Be4 29. Rc3 Nf5 30. Nxf5 Qxf5 31. Nd4 Qf1+ 32. Qxf1 exf1=Q+ 33. Kxf1 Rxc4 34. Rxc4 Bd3+ 35. Kf2 Bxc4 36. d6 Rd8 37. Nf5 f6 38. bxa6 bxa6 39. Ke3 Kf7 40. Ba3 Be6 41. Nd4 Rb8 42. Ke4 Rb1 43. Nc6 Bd7 44. Kd5 Ra1 45. Bc5 Rxa4 46. Nd8+ Ke8 47. Nb7 Ra2 48. g3 Rg2 49. Bb4 Rxg3 50. Nc5 Rg5+ 51. Kd4 Rg4+ 52. Kc3 h5 53. Nxa6 h4 54. Nc7+ Kf7 55. Nd5 h3 0-1

[Event "Scarborough Open 47th"]
[Site "Scarborough"]
[Date "2024.10.27"]
[Round "4.10"]
[White "Varley, Joe"]
[Black "Vaddhireddy, Sai"]
[Result "0-1"]
[WhiteElo "1914"]
[BlackElo "1961"]
[PlyCount "36"]
[EventDate "2024.10.25"]
[EventType "swiss"]
[EventRounds "5"]
[EventCountry "ENG"]
[SourceTitle "BritBase"]
[Source "John Saunders"]
[SourceDate "2024.12.27"]
[SourceVersion "1"]
[SourceVersionDate "2024.12.27"]
[SourceQuality "1"]

1. e4 c6 2. Nf3 d5 3. Nc3 dxe4 4. Nxe4 Nf6 5. Qe2 Nxe4 6. Qxe4 Nd7 7. Bc4 Nf6 8. Ne5 e6 9. Qe2 b5 10. Nxc6 Qc7 11. Bd3 Bd6 12. Nd4 a6 13. Nf5 Bb7 14. O-O Bxh2+ 15. Kh1 Rd8 16. Re1 O-O 17. Nxg7 Kxg7 18. b3 Qf4 0-1

[Event "Scarborough Open 47th"]
[Site "Scarborough"]
[Date "2024.10.27"]
[Round "4.11"]
[White "Hariharan, Shambavi"]
[Black "Dilleigh, Stephen P"]
[Result "1/2-1/2"]
[WhiteElo "1926"]
[BlackElo "2029"]
[PlyCount "65"]
[EventDate "2024.10.25"]
[EventType "swiss"]
[EventRounds "5"]
[EventCountry "ENG"]
[SourceTitle "BritBase"]
[Source "John Saunders"]
[SourceDate "2024.12.27"]
[SourceVersion "1"]
[SourceVersionDate "2024.12.27"]
[SourceQuality "1"]

1. d4 d5 2. c4 e6 3. Nf3 Nf6 4. g3 Bb4+ 5. Bd2 Be7 6. Bg2 O-O 7. O-O c6 8. Bg5 Nbd7 9. Nbd2 b6 10. Qc2 Bb7 11. e4 dxe4 12. Nxe4 Nxe4 13. Bxe7 Qxe7 14. Qxe4 Nf6 15. Qe2 c5 16. dxc5 Qxc5 17. Ne5 Bxg2 18. Kxg2 Rfd8 19. Rfd1 Qc7 20. b3 Nd7 21. Nxd7 Rxd7 22. Rxd7 Qxd7 23. Rd1 Qc7 24. Qd3 Rc8 25. Qd7 g6 26. a4 a5 27. Rd6 Qxd7 28. Rxd7 Kg7 29. Kf3 Kf6 30. Ke4 h5 31. Kd4 g5 32. Kc3 Rc5 33. b4 1/2-1/2

[Event "Scarborough Open 47th"]
[Site "Scarborough"]
[Date "2024.10.27"]
[Round "4.12"]
[White "Bak, Christopher"]
[Black "Wareing, John P"]
[Result "1-0"]
[WhiteElo "1984"]
[BlackElo "1906"]
[PlyCount "107"]
[EventDate "2024.10.25"]
[EventType "swiss"]
[EventRounds "5"]
[EventCountry "ENG"]
[SourceTitle "BritBase"]
[Source "John Saunders"]
[SourceDate "2024.12.27"]
[SourceVersion "1"]
[SourceVersionDate "2024.12.27"]
[SourceQuality "1"]

1. c4 c5 2. Nc3 e6 3. e4 a6 4. g3 Qc7 5. Bg2 Nc6 6. d3 h5 7. h3 b6 8. Nge2 Bb7 9. Be3 Bd6 10. Qd2 Nge7 11. f4 f6 12. O-O-O Na5 13. g4 Bc6 14. g5 Qb7 15. gxf6 gxf6 16. Rhg1 O-O-O 17. Bf3 b5 18. Nxb5 axb5 19. Qxa5 Bc7 20. Qc3 bxc4 21. Rg7 Nf5 22. exf5 Bxf3 23. Rd2 cxd3 24. Qxd3 Be4 25. Qc3 Bxf5 26. Ng3 Bxh3 27. Bxc5 h4 28. Ne2 Bf5 29. Bg1 e5 30. fxe5 fxe5 31. Rg5 Be4 32. Rxe5 Bc6 33. Bh2 h3 34. b3 Qa7 35. Kb2 Rh6 36. Nf4 Bxe5 37. Qxe5 Qc7 38. Qxc7+ Kxc7 39. Ne6+ Kc8 40. Nxd8 {[=]} Kxd8 41. Kc3 Rf6 42. Kc4 Kc8 43. a4 Kb7 44. Rd3 Rh6 45. Re3 Kb6 46. Rg3 Rh4+ 47. Kc3 Bg2 48. Rg6+ Kc5 49. b4+ Kd5 50. Rd6+ Ke4 51. Rd4+ Kf3 52. Rxh4 Bf1 53. b5 Kg2 54. Bd6 1-0

[Event "Scarborough Open 47th"]
[Site "Scarborough"]
[Date "2024.10.27"]
[Round "4.13"]
[White "Li, Joy Ching"]
[Black "Elgar, Tim"]
[Result "0-1"]
[WhiteElo "1786"]
[BlackElo "2032"]
[PlyCount "48"]
[EventDate "2024.10.25"]
[EventType "swiss"]
[EventRounds "5"]
[EventCountry "ENG"]
[SourceTitle "BritBase"]
[Source "John Saunders"]
[SourceDate "2024.12.27"]
[SourceVersion "1"]
[SourceVersionDate "2024.12.27"]
[SourceQuality "1"]

1. Nf3 Nf6 2. g3 g6 3. Bg2 Bg7 4. c4 O-O 5. O-O c5 6. Nc3 Nc6 7. d4 d6 8. dxc5 dxc5 9. Be3 Be6 10. Qa4 Nd4 11. Rfd1 Bd7 12. Qa3 Nc2 13. Qxc5 Nxa1 14. Rxa1 Bc6 15. Rd1 Nd7 16. Qa3 Re8 17. Bf4 Qc8 18. Nd5 Bxd5 19. cxd5 Qc2 20. Rd2 Qc5 21. Qa4 Nb6 22. Qb3 Qc4 23. Ne5 Qxb3 24. axb3 g5 0-1

[Event "Scarborough Open 47th"]
[Site "Scarborough"]
[Date "2024.10.27"]
[Round "4.14"]
[White "Armstrong, Malcolm J"]
[Black "Brencher, Paul"]
[Result "0-1"]
[WhiteElo "2025"]
[BlackElo "1920"]
[PlyCount "72"]
[EventDate "2024.10.25"]
[EventType "swiss"]
[EventRounds "5"]
[EventCountry "ENG"]
[SourceTitle "BritBase"]
[Source "John Saunders"]
[SourceDate "2024.12.27"]
[SourceVersion "1"]
[SourceVersionDate "2024.12.27"]
[SourceQuality "1"]

1. d4 Nf6 2. Nf3 e6 3. c4 Bb4+ 4. Nbd2 O-O 5. a3 Be7 6. e4 d6 7. Bd3 e5 8. d5 c6 9. O-O a5 10. b3 Bd7 11. Bb2 Qb6 12. Qe2 Na6 13. Rfc1 Nc5 14. Bc2 cxd5 15. exd5 Bg4 16. Rab1 Nfd7 17. h3 Bh5 18. g4 Bg6 19. Bxg6 hxg6 20. b4 axb4 21. axb4 Na4 22. c5 dxc5 23. bxc5 Naxc5 24. Nxe5 Qd8 25. Nec4 Bf6 26. Ne3 Re8 27. Ndc4 Bxb2 28. Rxb2 Qf6 29. Rd1 Ra4 30. Kg2 Rxc4 31. Nxc4 Rxe2 32. Rxe2 b5 33. Re8+ Kh7 34. Nd2 Ne5 35. Re1 Ncd3 36. Re2 Nf4+ 0-1

[Event "Scarborough Open 47th"]
[Site "Scarborough"]
[Date "2024.10.27"]
[Round "4.15"]
[White "Sasikumar, Srivathsan"]
[Black "Ganti, Shriaansh"]
[Result "0-1"]
[WhiteElo "1924"]
[BlackElo "1901"]
[PlyCount "108"]
[EventDate "2024.10.25"]
[EventType "swiss"]
[EventRounds "5"]
[EventCountry "ENG"]
[SourceTitle "BritBase"]
[Source "John Saunders"]
[SourceDate "2024.12.27"]
[SourceVersion "1"]
[SourceVersionDate "2024.12.27"]
[SourceQuality "1"]

1. e4 e5 2. Nc3 Nf6 3. f4 d5 4. fxe5 Nxe4 5. Qf3 f5 6. d3 Nxc3 7. bxc3 d4 8. Qg3 Nc6 9. Be2 Be6 10. Nh3 dxc3 11. O-O Qd7 12. Be3 Ba3 13. Nf4 O-O 14. Kh1 Nxe5 15. d4 Ng6 16. Nxg6 hxg6 17. Qxg6 Rf6 18. Qh5 Bf7 19. Qh3 Re8 20. Bd3 g6 21. Rf4 Bf8 22. Rh4 Bg7 23. Bf4 Qxd4 24. Bh6 Qf2 25. Rf4 Re1+ 26. Rxe1 Qxe1+ 27. Rf1 Qe5 28. Bg5 Rb6 29. Bf4 Qe7 30. Qg3 Bxa2 31. Bxc7 Re6 32. h3 Bd5 33. Rd1 Re3 34. Qf4 Rxh3+ 35. Kg1 Bh6 36. Qe5 Qxe5 37. Bxe5 Be3+ 38. Kf1 Rh1+ 39. Ke2 Rxd1 40. Kxd1 Bxg2 41. Bxc3 Be4 42. Bc4+ Kh7 43. Ke2 Bc5 44. Bb3 f4 45. Be5 f3+ 46. Kf1 g5 47. Bg3 Kg6 48. Ba4 a6 49. Be8+ Kf6 50. Ba4 b5 51. Bb3 a5 52. Be1 a4 53. Bc3+ Kg6 54. Ba2 Bxc2 0-1

[Event "Scarborough Open 47th"]
[Site "Scarborough"]
[Date "2024.10.27"]
[Round "4.16"]
[White "Rogowski, Rafal"]
[Black "Hutchinson, Paul A"]
[Result "0-1"]
[WhiteElo "1728"]
[BlackElo "2040"]
[PlyCount "78"]
[EventDate "2024.10.25"]
[EventType "swiss"]
[EventRounds "5"]
[EventCountry "ENG"]
[SourceTitle "BritBase"]
[Source "John Saunders"]
[SourceDate "2024.12.27"]
[SourceVersion "1"]
[SourceVersionDate "2024.12.27"]
[SourceQuality "1"]

1. d4 Nf6 2. c4 e6 3. Nf3 b6 4. Nc3 Bb7 5. Bg5 h6 6. Bf4 Bb4 7. Rc1 O-O 8. a3 Bxc3+ 9. Rxc3 Ne4 10. Rc1 d6 11. e3 Nd7 12. Bg3 Qe7 13. Nd2 f5 14. Nxe4 Bxe4 15. f3 Bb7 16. Be2 e5 17. O-O g5 18. c5 dxc5 19. dxc5 Nxc5 20. b4 f4 21. exf4 gxf4 22. bxc5 fxg3 23. Qb3+ Kh8 24. c6 gxh2+ 25. Kh1 Bc8 26. Bc4 Bf5 27. Qe3 Qg7 28. g4 Bg6 29. Rf2 Rad8 30. Rxh2 Rf4 31. Be6 Rd3 32. Qe2 Rfxf3 33. a4 Rfe3 34. Qf2 Be4+ 35. Rg2 Qe7 36. Bf5 Bxg2+ 37. Kxg2 Rg3+ 38. Qxg3 Rxg3+ 39. Kxg3 Qa3+ 0-1

[Event "Scarborough Open 47th"]
[Site "Scarborough"]
[Date "2024.10.27"]
[Round "4.17"]
[White "Patel, Keatan"]
[Black "Kilshaw, Joe"]
[Result "1-0"]
[WhiteElo "1966"]
[BlackElo "1929"]
[PlyCount "78"]
[EventDate "2024.10.25"]
[EventType "swiss"]
[EventRounds "5"]
[EventCountry "ENG"]
[SourceTitle "BritBase"]
[Source "John Saunders"]
[SourceDate "2024.12.27"]
[SourceVersion "1"]
[SourceVersionDate "2024.12.27"]
[SourceQuality "1"]

1. e4 c5 2. Nf3 e6 3. c3 d5 4. exd5 exd5 5. d4 Be7 6. Be3 cxd4 7. Nxd4 Nf6 8. Be2 O-O 9. O-O Nc6 10. Nd2 a6 11. a4 Bd6 12. h3 Qc7 13. Qc2 Bd7 14. Nf5 Bh2+ 15. Kh1 Rfe8 16. Nf3 Bf4 17. Bxf4 Qxf4 18. N5d4 Rac8 19. Qd3 Ne4 {[=]} 20. Rae1 Nc5 21. Qb1 Re7 22. Bd3 Ne4 23. Bxe4 dxe4 24. Ne2 Qh6 25. Nh2 Rce8 26. Ng3 f5 27. b4 Ne5 28. Qd1 Nd3 29. Re2 Qg6 30. Rd2 Bc6 31. Qb3+ Kh8 32. Qc4 b5 33. axb5 axb5 34. Qd4 f4 35. Nxe4 Bxe4 36. f3 Bf5 37. Ng4 h5 38. Nf2 Ne1 39. g4 hxg4 1-0

[Event "Scarborough Open 47th"]
[Site "Scarborough"]
[Date "2024.10.27"]
[Round "4.18"]
[White "Cansdale, Zachary"]
[Black "Ilett, Raymond J"]
[Result "1-0"]
[WhiteElo "1949"]
[BlackElo "1832"]
[PlyCount "137"]
[EventDate "2024.10.25"]
[EventType "swiss"]
[EventRounds "5"]
[EventCountry "ENG"]
[SourceTitle "BritBase"]
[Source "John Saunders"]
[SourceDate "2024.12.27"]
[SourceVersion "1"]
[SourceVersionDate "2024.12.27"]
[SourceQuality "1"]

1. d4 Nf6 2. c4 e6 3. g3 c6 4. Nf3 d5 5. Bg2 Nbd7 6. O-O Bd6 7. Nc3 O-O 8. e4 Nxe4 9. Nxe4 dxe4 10. Ng5 Nf6 11. Nxe4 Nxe4 12. Bxe4 Re8 13. Qc2 f5 14. Bg2 Qf6 15. Be3 f4 16. gxf4 Bxf4 17. Qe4 e5 18. Bxf4 Qxf4 19. Rfe1 Bf5 20. Qxf4 exf4 21. d5 cxd5 22. Bxd5+ Kf8 23. b3 Rab8 24. Rxe8+ Kxe8 25. Re1+ Kd7 26. h4 Kd6 27. Kg2 b5 28. Kf3 Rf8 29. Rd1 bxc4 30. Bxc4+ Kc5 31. Rd5+ Kb4 32. Rb5+ Kc3 33. Ra5 h6 34. h5 g5 35. hxg6 Bxg6 36. Rxa7 Bh5+ 37. Ke4 Bg6+ 38. Ke5 Rf5+ 39. Ke6 Kd4 40. Rd7+ Kc3 41. Rg7 Rg5 42. Kf6 Bb1 43. Rxg5 hxg5 44. Kxg5 f3 45. Kf4 Bxa2 46. Kxf3 Kd4 47. Kf4 Bb1 48. Kg5 Ke5 49. f4+ Kd6 50. f5 Ke7 51. f6+ Kf8 52. b4 Be4 53. b5 Bb7 54. b6 Ke8 55. Kg6 Kf8 56. Bd3 Kg8 57. Bc4+ Kf8 58. Kf5 Bc8+ 59. Ke5 Bb7 60. Bd5 Ba6 61. b7 Bxb7 62. Bxb7 Kf7 63. Bd5+ Kf8 64. Kf5 Ke8 65. Kg6 Kf8 66. Be6 Ke8 67. Kg7 Kd8 68. f7 Kc7 69. f8=Q 1-0

[Event "Scarborough Open 47th"]
[Site "Scarborough"]
[Date "2024.10.27"]
[Round "4.19"]
[White "Han, Qixuan"]
[Black "Milson, Samuel A"]
[Result "0-1"]
[WhiteElo "1932"]
[BlackElo "2076"]
[PlyCount "82"]
[EventDate "2024.10.25"]
[EventType "swiss"]
[EventRounds "5"]
[EventCountry "ENG"]
[SourceTitle "BritBase"]
[Source "John Saunders"]
[SourceDate "2024.12.27"]
[SourceVersion "1"]
[SourceVersionDate "2024.12.27"]
[SourceQuality "1"]

1. Nf3 d5 2. e3 Nf6 3. c4 c6 4. Nc3 e6 5. b3 Nbd7 6. d4 Bd6 7. Bb2 O-O 8. Bd3 e5 9. dxe5 Nxe5 10. Nxe5 Bxe5 11. cxd5 Nxd5 12. Qh5 f5 13. Nxd5 Bxb2 14. Rb1 Bc3+ 15. Nxc3 Qxd3 16. Rc1 f4 17. Qe2 Qg6 18. g3 fxg3 19. fxg3 Bg4 20. Qc4+ Kh8 21. Ne2 b5 22. Qc2 Qe6 23. Qd3 Rad8 24. Nd4 Qd5 25. Rf1 c5 26. Rxf8+ Rxf8 27. Qxb5 Qh1+ 28. Kd2 Qxh2+ 29. Kc3 cxd4+ 30. exd4 Rc8+ 31. Kb4 Qd2+ 32. Ka4 Qxa2+ 33. Kb4 Qd2+ 34. Ka4 Qxc1 35. d5 Qa1+ 36. Kb4 a5+ 37. Qxa5 Rb8+ 38. Qb5 Qd4+ 39. Ka5 Ra8+ 40. Qa6 Qc5+ 41. Ka4 Rxa6# 0-1

[Event "Scarborough Open 47th"]
[Site "Scarborough"]
[Date "2024.10.27"]
[Round "4.20"]
[White "Harkness, Bryan D"]
[Black "Pal, Rohan"]
[Result "1/2-1/2"]
[WhiteElo "1986"]
[BlackElo "2164"]
[PlyCount "30"]
[EventDate "2024.10.25"]
[EventType "swiss"]
[EventRounds "5"]
[EventCountry "ENG"]
[SourceTitle "BritBase"]
[Source "John Saunders"]
[SourceDate "2024.12.27"]
[SourceVersion "1"]
[SourceVersionDate "2024.12.27"]
[SourceQuality "1"]

1. e4 c5 2. Nc3 e6 3. g3 Nc6 4. Bg2 g6 5. d3 Bg7 6. Be3 d6 7. Qd2 Nge7 8. Bh6 O-O 9. Bxg7 Kxg7 10. Nge2 e5 11. O-O Rb8 12. Nd1 f5 13. f4 fxe4 14. dxe4 Be6 15. Ne3 Qd7 1/2-1/2

[Event "Scarborough Open 47th"]
[Site "Scarborough"]
[Date "2024.10.27"]
[Round "4.21"]
[White "Pyun, Lindsay"]
[Black "Fellowes, Billy"]
[Result "0-1"]
[WhiteElo "1798"]
[BlackElo "2085"]
[PlyCount "90"]
[EventDate "2024.10.25"]
[EventType "swiss"]
[EventRounds "5"]
[EventCountry "ENG"]
[SourceTitle "BritBase"]
[Source "John Saunders"]
[SourceDate "2024.12.27"]
[SourceVersion "1"]
[SourceVersionDate "2024.12.27"]
[SourceQuality "1"]

1. e4 c6 2. d4 d5 3. Nc3 dxe4 4. Nxe4 Nf6 5. Nxf6+ exf6 6. c3 Bf5 7. Bd3 Bxd3 8. Qxd3 Bd6 9. Ne2 Qc7 10. h3 Nd7 11. Qe4+ Kf8 12. Qf3 h5 13. Bf4 g6 14. O-O Kg7 15. Rfe1 Rae8 16. Bxd6 Qxd6 17. Nf4 Qb8 18. a4 a5 19. Nd3 Nb6 20. Qf4 Qd8 21. Nc5 Nd5 22. Qd2 Qb6 23. Rab1 Qc7 24. Rxe8 Rxe8 25. Re1 Qf4 26. Qd1 Rd8 27. Nd3 Qg5 28. Qe2 Qf5 29. Qe4 Qg5 30. Qe2 Qf5 31. Qe4 Qc8 32. Nf4 Nc7 33. Qf3 Qd7 34. Nd3 b6 35. Re3 Nd5 36. Re1 Ne7 37. Qe4 Nf5 38. Nf4 Kf8 39. Kf1 Nd6 40. Qd3 Kg7 41. Qf3 Nc4 42. Qe2 b5 43. axb5 cxb5 44. Nd3 Qf5 45. Qe4 Nd2+ 0-1